<?xml version="1.0" encoding="UTF-8"?>
<record
    xmlns:xsi="http://www.w3.org/2001/XMLSchema-instance"
    xsi:schemaLocation="http://www.loc.gov/MARC21/slim http://www.loc.gov/standards/marcxml/schema/MARC21slim.xsd"
    xmlns="http://www.loc.gov/MARC21/slim">

  <leader>00799nam a2200229Ia 4500</leader>
  <controlfield tag="005">20220215102249.0</controlfield>
  <controlfield tag="008">210716s2009    xx            000 0 und d</controlfield>
  <datafield tag="020" ind1=" " ind2=" ">
    <subfield code="a">9788131701881</subfield>
  </datafield>
  <datafield tag="040" ind1=" " ind2=" ">
    <subfield code="c">AIMIT LIBRARY</subfield>
  </datafield>
  <datafield tag="041" ind1=" " ind2=" ">
    <subfield code="a">eng</subfield>
  </datafield>
  <datafield tag="082" ind1=" " ind2=" ">
    <subfield code="a">658.802 </subfield>
    <subfield code="2">1</subfield>
    <subfield code="b">KRIC</subfield>
  </datafield>
  <datafield tag="100" ind1=" " ind2=" ">
    <subfield code="a">Krishnamacharyulu, C S G.</subfield>
    <subfield code="9">19895</subfield>
  </datafield>
  <datafield tag="245" ind1=" " ind2=" ">
    <subfield code="a">Cases in rural marketing : </subfield>
    <subfield code="b">an integrated approach /</subfield>
    <subfield code="c">By C. S. G. Krishnamacharyulu and Lalitha Ramakrishnan.</subfield>
  </datafield>
  <datafield tag="250" ind1=" " ind2=" ">
    <subfield code="a">1st ed.</subfield>
  </datafield>
  <datafield tag="260" ind1=" " ind2=" ">
    <subfield code="a">New Delhi :</subfield>
    <subfield code="b">Pearson Education ,</subfield>
    <subfield code="c">2009.</subfield>
  </datafield>
  <datafield tag="300" ind1=" " ind2=" ">
    <subfield code="a">X, 264p. ;</subfield>
    <subfield code="c">24 cm.</subfield>
  </datafield>
  <datafield tag="650" ind1=" " ind2=" ">
    <subfield code="a">Marketing analysis and information system</subfield>
    <subfield code="9">19896</subfield>
  </datafield>
  <datafield tag="650" ind1=" " ind2=" ">
    <subfield code="a">Rural financing strategy</subfield>
    <subfield code="9">19897</subfield>
  </datafield>
  <datafield tag="650" ind1=" " ind2=" ">
    <subfield code="a">Marketing decision and models</subfield>
    <subfield code="9">19898</subfield>
  </datafield>
  <datafield tag="700" ind1=" " ind2=" ">
    <subfield code="a">Ramakrishnan, Lalitha.</subfield>
    <subfield code="9">19899</subfield>
  </datafield>
  <datafield tag="942" ind1=" " ind2=" ">
    <subfield code="2">ddc</subfield>
    <subfield code="c">BK</subfield>
    <subfield code="e">1st</subfield>
    <subfield code="k">658.802 KRIC</subfield>
  </datafield>
  <datafield tag="999" ind1=" " ind2=" ">
    <subfield code="c">205031</subfield>
    <subfield code="d">205031</subfield>
  </datafield>
  <datafield tag="952" ind1=" " ind2=" ">
    <subfield code="0">0</subfield>
    <subfield code="1">0</subfield>
    <subfield code="2">ddc</subfield>
    <subfield code="4">0</subfield>
    <subfield code="7">3</subfield>
    <subfield code="8">MBA</subfield>
    <subfield code="a">AIMIT</subfield>
    <subfield code="b">AIMIT</subfield>
    <subfield code="d">2010-02-20</subfield>
    <subfield code="g">225.00</subfield>
    <subfield code="i">Billno:ABK669;Bill dt:2010-02-10</subfield>
    <subfield code="l">0</subfield>
    <subfield code="o">658.802 KRIC</subfield>
    <subfield code="p">MBA07597</subfield>
    <subfield code="r">2025-07-21 00:00:00</subfield>
    <subfield code="v">168.75</subfield>
    <subfield code="w">2021-07-16</subfield>
    <subfield code="y">BK</subfield>
  </datafield>
  <datafield tag="952" ind1=" " ind2=" ">
    <subfield code="0">0</subfield>
    <subfield code="1">0</subfield>
    <subfield code="2">ddc</subfield>
    <subfield code="4">0</subfield>
    <subfield code="7">0</subfield>
    <subfield code="8">MBA</subfield>
    <subfield code="a">AIMIT</subfield>
    <subfield code="b">AIMIT</subfield>
    <subfield code="d">2010-02-15</subfield>
    <subfield code="g">225.00</subfield>
    <subfield code="i">Billno:ABK669;Bill dt:2010-02-10</subfield>
    <subfield code="l">0</subfield>
    <subfield code="o">658.802 KRIC</subfield>
    <subfield code="p">MBA07598</subfield>
    <subfield code="r">2026-05-23 00:00:00</subfield>
    <subfield code="v">168.75</subfield>
    <subfield code="w">2021-07-16</subfield>
    <subfield code="y">BK</subfield>
  </datafield>
  <datafield tag="952" ind1=" " ind2=" ">
    <subfield code="0">0</subfield>
    <subfield code="1">0</subfield>
    <subfield code="2">ddc</subfield>
    <subfield code="4">0</subfield>
    <subfield code="7">0</subfield>
    <subfield code="8">MBA</subfield>
    <subfield code="a">AIMIT</subfield>
    <subfield code="b">AIMIT</subfield>
    <subfield code="d">2010-02-15</subfield>
    <subfield code="g">225.00</subfield>
    <subfield code="i">Billno:ABK669;Bill dt:2010-02-10</subfield>
    <subfield code="l">0</subfield>
    <subfield code="o">658.802 KRIC</subfield>
    <subfield code="p">MBA07599</subfield>
    <subfield code="r">2026-05-23 00:00:00</subfield>
    <subfield code="v">168.75</subfield>
    <subfield code="w">2021-07-16</subfield>
    <subfield code="y">BK</subfield>
  </datafield>
  <datafield tag="952" ind1=" " ind2=" ">
    <subfield code="0">0</subfield>
    <subfield code="1">0</subfield>
    <subfield code="2">ddc</subfield>
    <subfield code="4">0</subfield>
    <subfield code="7">0</subfield>
    <subfield code="8">MBA</subfield>
    <subfield code="a">AIMIT</subfield>
    <subfield code="b">AIMIT</subfield>
    <subfield code="d">2010-02-15</subfield>
    <subfield code="g">225.00</subfield>
    <subfield code="i">Billno:ABK669;Bill dt:2010-02-10</subfield>
    <subfield code="l">0</subfield>
    <subfield code="o">658.802 KRIC</subfield>
    <subfield code="p">MBA07600</subfield>
    <subfield code="r">2026-05-23 00:00:00</subfield>
    <subfield code="v">168.75</subfield>
    <subfield code="w">2021-07-16</subfield>
    <subfield code="y">BK</subfield>
  </datafield>
  <datafield tag="952" ind1=" " ind2=" ">
    <subfield code="0">0</subfield>
    <subfield code="1">0</subfield>
    <subfield code="2">ddc</subfield>
    <subfield code="4">0</subfield>
    <subfield code="7">0</subfield>
    <subfield code="8">MBA</subfield>
    <subfield code="a">AIMIT</subfield>
    <subfield code="b">AIMIT</subfield>
    <subfield code="d">2010-02-15</subfield>
    <subfield code="g">225.00</subfield>
    <subfield code="i">Billno:ABK669;Bill dt:2010-02-10</subfield>
    <subfield code="l">0</subfield>
    <subfield code="o">658.802 KRIC</subfield>
    <subfield code="p">MBA07601</subfield>
    <subfield code="r">2026-05-23 00:00:00</subfield>
    <subfield code="v">168.75</subfield>
    <subfield code="w">2021-07-16</subfield>
    <subfield code="y">BK</subfield>
  </datafield>
  <datafield tag="952" ind1=" " ind2=" ">
    <subfield code="0">0</subfield>
    <subfield code="1">0</subfield>
    <subfield code="2">ddc</subfield>
    <subfield code="4">0</subfield>
    <subfield code="7">0</subfield>
    <subfield code="8">MBA</subfield>
    <subfield code="a">AIMIT</subfield>
    <subfield code="b">AIMIT</subfield>
    <subfield code="d">2010-02-15</subfield>
    <subfield code="g">225.00</subfield>
    <subfield code="i">Billno:ABK669;Bill dt:2010-02-10</subfield>
    <subfield code="l">0</subfield>
    <subfield code="o">658.802 KRIC</subfield>
    <subfield code="p">MBA07602</subfield>
    <subfield code="r">2026-05-23 00:00:00</subfield>
    <subfield code="v">168.75</subfield>
    <subfield code="w">2021-07-16</subfield>
    <subfield code="y">BK</subfield>
  </datafield>
</record>
